Movies Quiz

Random Movies or Star Wars Quiz

Star War Movies Exclusive to these Three Characters Quiz Stats

 Plays Quiz not verified by Sporcle

Challenge
Share
Tweet
Embed
Score 0/40 Timer 04:00
0 Plays Today
Hint Answer % Correct
Obi-Wan Kenobi, Luke Skywalker, Owen LarsA New Hope
96.2%
Darth Sidious, Darth Vader, Grand Moff TarkinRevenge of the Sith
92.3%
Lando Calrissian, Boba Fett, Jabba the HuttReturn of the Jedi
92.3%
Darth Maul, Darth Sidious, Obi-Wan KenobiThe Phantom Menace
88.5%
Jango Fett, Boba Fett, Anakin SkywalkerAttack of the Clones
87.5%
Chewbacca, Obi-Wan Kenobi, GreedoA New Hope
87.5%
Han Solo, Lando Calrissian, Jabba the HuttReturn of the Jedi
85.6%
Bail Organa, Count Dooku, Princess LeiaRevenge of the Sith
84.6%
Chewbacca, Darth Vader, Count DookuRevenge of the Sith
84.6%
Jabba the Hutt, Watto, Bib FortunaThe Phantom Menace
83.7%
Luke Skywalker, Padme Amidala, Darth SidiousRevenge of the Sith
83.7%
Plo Koon, Anakin Skywalker, Jango FettAttack of the Clones
83.7%
C-3PO, R2D2, Darth MaulThe Phantom Menace
83.7%
Anakin Skywalker, Jar Jar Binks, Jango FettAttack of the Clones
81.7%
Boba Fett, Jango Fett, Cliegg LarsAttack of the Clones
81.7%
General Dodonna, Ponda Baba, Han SoloA New Hope
80.8%
Darth Vader, Darth Sidious, Bib FortunaReturn of the Jedi
79.8%
Han Solo, Luke Skywalker, General MadineReturn of the Jedi
79.8%
Bossk, IG-88, ZuckussThe Empire Strikes Back
76.9%
Count Dooku, Jar Jar Binks, Luke SkywalkerRevenge of the Sith
75%
Hint Answer % Correct
Yoda, Paploo, Sy SnoodlesReturn of the Jedi
70.2%
Boba Fett, Chewbacca, General VeersThe Empire Strikes Back
70.2%
Chancellor Valorum, Jar Jar Binks, Chancellor PalpatineThe Phantom Menace
70.2%
Boss Nass, Padme Amidala, Shmi SkywalkerThe Phantom Menace
69.2%
Darth Vader, 4-LOM, LobotThe Empire Strikes Back
68.3%
Mace Windu, Boba Fett, YodaAttack of the Clones
68.3%
Nute Gunray, Mace Windu, Jabba the HuttThe Phantom Menace
65.4%
Shmi Skywalker, Owen Lars, Anakin SkywalkerAttack of the Clones
64.4%
Luke Skywalker, Darth Sidious, Owen LarsRevenge of the Sith
61.5%
Beru Lars, Zam Wessell, Boba FettAttack of the Clones
60.6%
Han Solo, Greedo, Dr. Evazon A New Hope
59.6%
Bail Organa, Grand Moff Tarkin, Jar Jar BinksRevenge of the Sith
59.6%
Mace Windu, Yoda, YaddleThe Phantom Menace
57.7%
Dengar, Wampa, ChewbaccaThe Empire Strikes Back
54.8%
Oola, Admiral Ackbar, Chief ChirpaReturn of the Jedi
54.8%
Darth Vader, Obi-Wan Kenobi, GreedoA New Hope
51.9%
Dorme, Jocasta Nu, CordeAttack of the Clones
49%
Mas Amedda, Aayla Secura, Beru LarsRevenge of the Sith
42.3%
Saesee Tiin, Yarael Poof, Ric OliƩThe Phantom Menace
36.5%
Mon Mothma, Darth Vader, YodaReturn of the Jedi
36.5%

You're not logged in!

Compare scores with friends on all Sporcle quizzes.
OR
Log In

You Might Also Like...

Show Comments

Extras

Top Quizzes Today


Score Distribution

Your Account Isn't Verified!

In order to create a playlist on Sporcle, you need to verify the email address you used during registration. Go to your Sporcle Settings to finish the process.

Report this User

Report this user for behavior that violates our Community Guidelines.

Details: